[Event "Sharjah Master 2024"]
[Site "Shsrjah - Abu Dhabi"]
[Date "2024.05.19"]
[Round "?"]
[White "Sarana, Alexey"]
[Black "Sankalp Gupta"]
[Result "1-0"]
[WhiteElo "2706"]
[BlackElo "2531"]
[PlyCount "135"]
[EventDate "2024.05.14"]
[EventCountry "UAE"]

{[%evp 15,135,17,26,23,23,20,22,20,23,19,31,27,40,26,26,28,30,30,104,103,114,95,125,122,148,147,159,161,153,145,160,87,157,134,131,129,168,167,170,168,174,155,152,172,175,102,111,100,118,53,50,44,46,44,44,50,61,54,67,44,50,50,145,66,60,60,46,30,61,61,76,68,126,126,187,201,201,194,186,144,141,153,232,223,211,224,298,298,297,299,285,282,262,169,346,262,332,332,331,334,341,349,344,337,388,388,529,523,444,462,489,514,503,520,520,510,505,480,531,530,521,520]} 1. d4 d5 2. c4 dxc4 3. Nf3 Nf6 4. e3 e6 5. Bxc4 c5 6. O-O a6 7. dxc5 Bxc5 8. Qxd8+ Kxd8 9. Be2 Ke7 10. Nc3 ({RR} 10. Nbd2 Bd7 11. Rd1 Rc8 12. b3 Bb5 13. Nc4 Nbd7 14. Bb2 Nb6 15. Nfe5 Nxc4 16. Nxc4 Bxc4 17. Bxc4 g6 18. Be2 Nd7 19. Rac1 Bd6 20. f4 Rxc1 21. Rxc1 a5 22. Bb5 Nb6 23. g3 Rc8 24. e4 f6 {Harikrishna,P (2696)-Gukesh,D (2720) Chennai IND 2023 ½-½ (31)}) 10... b5 11. Nd2 {The position is equal.} Bb7 12. Nb3 Nbd7 $146 ({RR} 12... Bb4 13. Bd2 Nc6 14. a3 Bd6 15. Bf3 Rab8 16. a4 bxa4 17. Rxa4 Ne5 18. Bd1 Rhc8 19. Na5 Ba8 20. Nb3 Bb7 21. Na5 Ba8 22. Nb3 Rb6 23. Bc2 Nc4 24. Bc1 Bb4 ({Black should try} 24... Nd5 $17 25. Bd1 Be5) 25. Na2 (25. Bd3 $11) 25... Bd6 26. Nc3 Be5 27. h3 {Finek,V (2431)-Paravyan,D (2606) chess.com INT 2024 0-1 (66)}) 13. Na5 Ra7 14. a4 b4 15. Na2 Bd5 16. Rd1 Nb8 $6 {Inaccuracy. Rc7 was best.} (16... Rc7 17. Bd2) (16... Rc7 $11) 17. Bd2 $16 Bxa2 18. Rxa2 Rd8 {...Rad7 would now be nice for Black.} 19. Raa1 Ke8 20. Rac1 Be7 21. Kf1 Rad7 22. Be1 Nd5 23. Nc4 (23. Bf3 $142) 23... f5 (23... Rc7 $142) 24. Bf3 Nf6 25. Na5 Nd5 26. g4 g6 27. gxf5 exf5 28. Nc4 Nf6 29. Na5 Nd5 30. Rxd5 $6 {Inaccuracy. Rb1 was best.} (30. Rb1) (30. Rb1 $18) 30... Rxd5 31. Nb7 Re5 32. Rc7 ({White should play} 32. Be2 $16) 32... a5 $1 $14 33. Nxd8 Kxd8 34. Ra7 Rc5 35. b3 Nd7 36. Be2 Bd6 37. Bb5 Bc7 38. f3 Rc2 $6 {Inaccuracy. Kc8 was best.} (38... Kc8 39. Ke2) (38... Kc8 $14) 39. Ra8+ $2 {Mistake. Bg3 was best.} (39. Bg3 $1) (39. Bg3 $1 $16) 39... Nb8 $1 40. Bg3 Rc3 {[%mdl 64] Double Attack} 41. Ke2 Bxg3 42. hxg3 $11 {[%mdl 4096] Endgame KRB-KRN} Kc7 $1 43. Ra7+ ({But not} 43. Rxa5 Kb6 $11) 43... Kd6 (43... Kc8 $14) 44. Rxh7 $16 Nc6 $6 {Inaccuracy. Rxb3 was best.} (44... Rxb3 45. Rg7) (44... Rxb3 $16 45. Rg7 Rb2+ 46. Kd3 Rb3+ 47. Kd4 Rb1) 45. Rh6 $1 $18 {[%cal Rh6g6]} Ne7 46. Bc4 Rc2+ 47. Kd3 Rg2 48. Rh3 g5 $6 {Inaccuracy. Nd5 was best.} (48... Nd5 {[#]} 49. e4 $1) (48... Rg1 $16 {was called for.} 49. f4 Nc8) 49. Rh6+ Kc7 50. Re6 Kd7 51. g4 fxg4 52. fxg4 Rxg4 53. Ra6 {Strongly threatening Be6+.} Rg1 54. Rxa5 Kd6 $2 (54... g4 55. Rg5 g3) 55. Ra6+ $6 {Inaccuracy. Ke4 was best.} (55. Ke4 g4 56. Rg5 Nc6 57. a5 g3 58. a6 g2 59. Bb5 Na7 60. Ba4 Kc7) 55... Kc5 $6 {Inaccuracy. Kc7 was best.} (55... Kc7 56. Re6 Kd7 57. Rb6 g4 58. Be6+ Kc7 59. Rxb4 g3 60. Rg4 Kd6 61. Bc4) 56. Ra5+ Kd6 57. Ke4 Nc6 58. Rd5+ Kc7 59. Rf5 Kb6 $6 {[#] Inaccuracy. g4 was best.} (59... g4 60. Kf4 Ne7 61. Rg5 g3 62. a5 g2 {[#]} 63. Kg3 $1 {[%cal Rg3f2]} Nc8 64. Kf2 Rc1 65. Kxg2) 60. a5+ $1 {[%cal Ba4a5,Ba5a6][%mdl 544]} Ka7 $6 {Inaccuracy. Kc7 was best.} (60... Kc7 61. a6 Rg4+ 62. Kf3 Rh4 63. Rxg5 Rh3+ 64. Ke4 Rh6 65. Rb5 Kd6 66. Kf4) (60... Nxa5 61. Rb5+) 61. Rf7+ {White is clearly winning.} Kb8 62. a6 Ra1 63. Rb7+ Kc8 64. Be6+ Kd8 65. Rd7+ Ke8 66. Rc7 Rxa6 67. Bd7+ {[%mdl 64] Double Attack} Ke7 68. Rxc6 {Accuracy: White = 85%, Black = 65%.} 1-0

[Event "Sharjah Master 2024"]
[Site "Shsrjah - Abu Dhabi"]
[Date "2024.05.19"]
[Round "?"]
[White "Sindarov, Javokhir"]
[Black "Fedoseev, Vladimir"]
[Result "1-0"]
[WhiteElo "2684"]
[BlackElo "2701"]
[PlyCount "84"]
[EventDate "2024.05.14"]
[EventCountry "UAE"]

{[%evp 11,84,21,39,33,28,28,34,34,33,26,30,37,89,74,64,57,83,0,127,128,316,188,189,193,503,265,324,324,322,307,352,354,361,348,364,360,360,362,363,357,379,379,379,379,379,379,363,363,374,368,363,358,357,357,354,357,340,333,372,373,424,417,494,494,492,477,505,507,533,530,526,511,520,520,479]} 1. e4 e5 2. Nf3 Nf6 3. Nc3 Nc6 4. Bb5 Bb4 5. O-O O-O 6. d3 Re8 7. Nd5 $146 ({RR} 7. Bg5 Bxc3 8. bxc3 h6 9. Bh4 d6 10. Re1 g5 (10... a6 $11 {keeps the balance.} 11. Bxc6 bxc6) 11. Nxg5 $1 hxg5 12. Bxg5 Re6 13. Qf3 ({White should play} 13. Bc4 $18) 13... Kg7 $1 14. Qg3 $2 (14. Bc4 $14 {keeps the upper hand.} Re8 15. Bd5) 14... Ne7 $2 {[%mdl 8192]} (14... Qh8 $1 $17 {and life is bright.} 15. Bc4 Qh5) 15. Bc4 (15. f4 $18 exf4 16. Bxf6+ Kxf6 17. Rf1) 15... Ng6 16. Bxe6 Bxe6 17. h4 $1 Qh8 $2 {[%mdl 8192]} (17... Kh7 $16) 18. Bxf6+ $1 Kxf6 19. Qg5+ Kg7 20. h5 Rg8 21. hxg6 f6 {Djokic,M (2139)-Sahakyan,A (2318) chess.com INT 2024 1-0 (48)}) 7... Nxd5 8. exd5 a6 9. Bc4 {White is slightly better.} ({Reject} 9. dxc6 axb5 10. cxd7 Bxd7 $15) 9... Na5 10. a3 Nxc4 11. axb4 Nb6 $6 {Inaccuracy. Nd6 was best.} (11... Nd6) 12. d6 $1 $36 {[%mdl 2048] White has strong initiative.} Nd5 13. d4 e4 $1 {[%cal Re4f3] [#]} 14. Ne5 (14. Ng5 $1 $16 {Hoping for Qh5.} Nf6 15. f3) 14... Qh4 $6 {Inaccuracy. cxd6 was best.} (14... cxd6 15. Nxf7 Qe7 16. Ng5 e3 17. Qh5 exf2+ 18. Rxf2 {[%csl Gg5][%cal Rh5h7]} Nf6 19. Qf3 d5 $1 20. Bd2) (14... cxd6 $11 15. Nc4 Qf6) 15. Ra3 $16 Qf6 $4 {Blunder. cxd6 was best.} (15... cxd6) (15... cxd6 $16 {might work better.} 16. Nxf7 Qe7) 16. Qh5 $6 {Inaccuracy. c4 was best.} (16. c4 Qxd6 17. cxd5 Qxd5 18. Ng4 d6 19. Ne3 Qb5 20. f4 Bd7 21. f5 f6) (16. c4 $142) 16... g6 $18 17. Rg3 {Strongly threatening Ng4.} Qe6 $4 {Blunder. Nf4 was best.} (17... Nf4 18. Qd1 b5 19. c3 a5 20. bxa5 Rxa5 21. Rg4 Nd3 22. Rxe4 Nxe5 23. Rxe5) (17... Nf4 {is more resistant.} 18. Qd1 a5) 18. Qh4 $6 {Inaccuracy. f4 was best.} (18. f4 Qxd6 19. Nxf7 Nf6 20. Nxd6 Nxh5 21. Nxe8 d6 22. Nxc7 Nxg3 23. hxg3 Rb8) 18... cxd6 {[#]} 19. Ng4 $1 b5 20. b3 ({Stronger than} 20. Rh3 h5 $11) 20... f5 21. Nh6+ Kg7 22. c4 Bb7 23. cxd5 Bxd5 24. Bf4 Rf8 25. Rh3 Rac8 26. g4 fxg4 27. Nxg4 {[%csl Gh3][%cal Rh4h7]} h5 28. Bh6+ Kg8 29. Ne3 Rf7 30. Rg3 {aiming for Qxh5.} Kh7 31. Nxd5 Qxd5 32. Be3 Rc3 33. Qg5 Qxg5 34. Bxg5 ({Resist} 34. Rxg5 Rxb3 35. Ra1 Rxb4 $18) 34... Rff3 35. Ra1 Rxb3 36. Rxa6 Rb2 $6 {Inaccuracy. d5 was best.} (36... d5 37. Rd6 Rxb4 38. Rxd7+ Kg8 39. Rxd5 Kf7 40. Kg2 Rf5 41. Rd7+ Ke6 42. Re7+) 37. Rxf3 {White is clearly winning.} exf3 {KRB-KR} 38. h4 Rxb4 39. Rxd6 Rc4 40. Rxd7+ Kg8 41. Kh2 b4 42. Be3 b3 {Accuracy: White = 83%, Black = 64%.} 1-0

[Event "Sharjah Master 2024"]
[Site "Shsrjah - Abu Dhabi"]
[Date "2024.05.19"]
[Round "?"]
[White "Maghsoodloo, Parham"]
[Black "Theodorou, Nikolas"]
[Result "1-0"]
[WhiteElo "2732"]
[BlackElo "2616"]
[PlyCount "101"]
[EventDate "2024.05.14"]
[EventCountry "UAE"]

{[%evp 10,101,70,69,88,72,76,44,84,93,96,90,102,100,104,96,109,109,130,134,129,141,201,205,208,205,226,189,237,235,329,203,203,206,223,223,238,238,229,219,226,221,209,191,208,219,247,247,235,234,244,244,248,248,259,239,263,237,231,231,241,240,327,322,396,394,392,390,445,437,471,448,541,552,570,568,558,557,528,524,497,436,608,597,8850,1030,29957,29958,29978,29978,29978,29976,29960,459]} 1. d4 Nf6 2. c4 g6 3. Nc3 Bg7 4. e4 d6 5. h3 O-O 6. Be3 Nc6 7. d5 Ne5 8. Qc2 e6 {White is slightly better.} 9. f4 Ned7 10. dxe6 $1 fxe6 11. g4 Qe7 $146 ({RR} 11... b6 12. Bg2 Ba6 13. b3 Nc5 14. Rd1 Bb7 15. Nge2 a5 16. O-O Nfd7 17. Kh2 (17. g5 $142) 17... Qe7 18. Ng3 Rae8 ({Black should play} 18... Qh4 $14) 19. g5 Qd8 20. h4 Qa8 21. Nb5 Qb8 22. h5 Rf7 23. Rf2 gxh5 24. Nxh5 Bh8 (24... Ref8 $142 25. a3 Bh8) 25. Bc1 Qd8 26. Rg1 {Gasanov,E (2487)-Juknis,P (2148) Hastings ENG 2023 1-0 (58)}) 12. Nge2 Nb6 13. b3 d5 14. e5 Nfd7 15. Bg2 Nxe5 $6 {Inaccuracy. dxc4 was best.} (15... dxc4 16. O-O Nc5 17. bxc4 Bd7 18. Ng3 g5 19. Nh5 gxf4 20. Bxf4 Be8 21. Nxg7) (15... dxc4 $16 16. O-O c6) 16. fxe5 $18 Qh4+ 17. Kd2 Bh6 18. Qd3 {[%cal Rc4d5]} (18. cxd5 Bxe3+ 19. Kxe3 Qf2+ 20. Kd2 Qxg2 $11) 18... dxc4 19. Qe4 $1 Nd5 $6 {Inaccuracy. Bxe3+ was best.} (19... Bxe3+ 20. Qxe3 Bd7 21. Kc2 cxb3+ 22. axb3 a5 23. Bxb7 Rab8 24. Ba6 Bc6 25. Rhf1) 20. Nxd5 $6 {Inaccuracy. g5 was best.} (20. g5 Qxe4 21. Nxe4 Bg7 22. Nf6+ Bxf6 23. gxf6 Rd8 24. Bg5 Kf7 25. Rhg1 cxb3) 20... exd5 21. Qd4 Be6 22. g5 Bxg5 {Strongly threatening ...Qxd4+.} 23. Qxh4 Bxh4 24. Nd4 Rfe8 25. bxc4 dxc4 26. Bxb7 Rad8 {next ...c5 is good for Black.} 27. Ke2 Bd5 28. Bxd5+ Rxd5 29. Nf3 $1 {[%csl LRa7,LRh4][%mdl 64] Discovered Attack} Bg3 {[#]} 30. Rhd1 $1 {[%cal Rd1d5]} (30. Bxa7 Bxe5 31. Nxe5 Rexe5+ 32. Kf2 Rf5+ 33. Kg3 Rg5+ 34. Kf4 Rgf5+ 35. Kg4 Rg5+ 36. Kf4 Rgf5+ 37. Ke4 Rfe5+ 38. Kf3 Rf5+ 39. Kg2 Rg5+ 40. Kf3 Rgf5+ 41. Kg4 Rg5+ 42. Kf4 $11) 30... Bxe5 31. Rxd5 Bxa1 32. Rc5 Rb8 33. a4 Rb4 34. a5 a6 35. Nd2 c3 36. Nc4 ({Not} 36. Rxc7 cxd2 37. Rc6 Rb3 $11) 36... Rb2+ $6 {Inaccuracy. Rb1 was best.} (36... Rb1 37. Rxc7 c2 38. Na3 c1=N+ 39. Bxc1 Rb3 40. Nc2 $2 (40. Rc8+ $18 Kf7 41. Rc6) 40... Bc3 $2 {[%mdl 8192]} (40... Rc3 $1 $11 41. Rxc3 Bxc3) 41. Rc5 Kf7 42. Ne3) 37. Kd3 Rh2 38. Rc6 c2 39. Rxa6 c5 40. Ra8+ Kf7 41. a6 {a7 is the strong threat.} Bd4 {White must now prevent ...Bxe3.} 42. Bd2 c1=Q 43. Bxc1 {aiming for a7.} Rxh3+ 44. Be3 Bxe3 45. Nxe3 c4+ 46. Kxc4 Rxe3 {KR-KR} 47. a7 (47. Rh8 $142 Ra3 48. a7 (48. Rxh7+ Kg8 $14)) 47... Re7 {[#]} 48. Rh8 $1 {White mates.} Rc7+ 49. Kd4 Rd7+ 50. Ke4 Re7+ 51. Kf3 {Accuracy: White = 89%, Black = 49%.} 1-0

[Event "Sharjah Master 2024"]
[Site "Shsrjah - Abu Dhabi"]
[Date "2024.05.19"]
[Round "?"]
[White "Sevian, Samuel"]
[Black "Pranav, V."]
[Result "0-1"]
[WhiteElo "2698"]
[BlackElo "2587"]
[PlyCount "138"]
[EventDate "2024.05.14"]
[EventCountry "UAE"]

{[%evp 11,138,52,59,44,81,81,74,27,26,9,16,-11,-11,-8,-11,-15,-14,-33,-34,-62,-58,-69,1,-114,-107,-137,-135,-149,-132,-178,-127,-115,-82,-73,-73,-68,-84,-87,3,0,0,0,0,0,71,0,1,-134,0,-126,-126,-119,-105,-133,-142,-142,-149,-151,-116,-148,-144,-147,-127,-125,-112,-193,-200,-186,-160,-226,-141,-218,-165,-173,-161,-213,-194,-464,-132,-133,-129,-129,-138,-346,0,-234,-233,-343,-343,-423,-423,-421,-407,-415,-399,-398,-398,-390,-384,-392,-392,-387,-376,-376,-378,-370,-375,-367,-367,-361,-360,-437,-435,-478,-478,-29989,-29990,-29990,-29991,-29991,-29992,-29992,-29993,-29993,-29994,-29994,-564,-29996,-29997]} 1. e4 e5 2. Nf3 Nc6 3. Bc4 Nf6 4. d3 d5 5. exd5 Nxd5 6. O-O Nb6 7. Bb3 ({RR} 7. Bb5 Bd6 8. Re1 f6 9. Bxc6+ (9. a4 $14) 9... bxc6 10. Nbd2 O-O 11. Ne4 Bf5 12. Ng3 Bd7 13. d4 Bg4 14. h3 Bxf3 $1 15. Qxf3 exd4 16. Qxc6 (16. Nf5 $14) 16... Bxg3 17. fxg3 Qd5 18. Qxd5+ Nxd5 19. Rd1 c5 20. c3 Rfe8 21. cxd4 c4 {Sjugirov,S (2703)-Aditya,M (2595) Samarkand UZB 2023 ½-½ (46)}) 7... Be7 ({RR} 7... Bg4 8. h3 Bh5 9. Re1 Qe7 10. a4 a5 11. Nc3 f6 12. Be3 (12. Nb5 $14) 12... O-O-O $1 13. Ne4 (13. Qe2 $11 {remains equal.}) 13... g5 14. c3 Bg6 (14... Kb8 $15) 15. Nfd2 Nd5 (15... Rxd3 $11 16. Qe2 Rd8) 16. d4 ({Better is} 16. Bxd5 $14 Rxd5 17. Qb3) 16... Nxe3 17. fxe3 Qg7 (17... Kb8 $15) 18. Qf3 Be7 19. Be6+ Kb8 20. Nb3 f5 21. Nec5 $1 {[%cal Rc5b7]} g4 22. hxg4 {Haring,F (2449)-Goroshkov,M (2336) Apolda GER 2024 0-1 (56)}) 8. Re1 Bg4 9. Nbd2 $146 {Inaccuracy. h3 was best.White is better.} (9. h3 Bxf3 10. Qxf3 O-O 11. c3 Bg5 12. Nd2 a5 13. a4 Kh8 14. Ne4 Bxc1) ({RR} 9. h3 Bh5 10. g4 Bg6 11. Nxe5 O-O ({Black should try} 11... Nxe5 12. Rxe5 O-O) 12. Nxg6 hxg6 13. c3 Bd6 14. d4 Qf6 (14... Na5 $16) 15. Nd2 Rae8 16. Ne4 Qh4 17. Qf3 Kh8 $2 (17... Qd8 18. Bg5 Be7 19. Bxe7 Qxe7) 18. Bg5 Qh7 19. Nxd6 Rxe1+ 20. Rxe1 cxd6 21. Be7 Nxe7 22. Rxe7 f5 23. Rxb7 Qh4 {Sun,J (1678)-Mu,W (1449) Hohhot CHN 2023 1-0 (34)}) (9. h3 $5 {[%cal Rh3g4]} Bxf3 10. Qxf3 $14) 9... f6 10. h3 Bh5 11. Ne4 Nd4 12. g4 {Black must now prevent Nxd4.} Nxb3 13. axb3 Bg6 14. Nh4 Qd7 15. Qf3 a6 16. Be3 Nd5 (16... O-O-O $15) 17. Bd2 $6 {Inaccuracy. d4 was best.} (17. d4 exd4) (17. d4 $11) 17... O-O-O $17 18. Ng3 Kb8 19. Nhf5 Bc5 20. Ra4 {[#]} h5 $1 {[%mdl 512] Mistake. Bb6 was best.} 21. gxh5 (21. Nxh5 Rxh5) 21... Bxf5 22. Nxf5 {[#]} Nf4 $1 {[%mdl 512]} 23. Rxf4 (23. Bxf4 Qxf5) 23... exf4 24. Bxf4 Rdg8 $6 {Inaccuracy. Qf7 was best.} (24... Qf7 25. Ng3 Rhe8 26. Rxe8 $1 Rxe8 27. Kg2 Bd4 28. c3 Be5 29. Bxe5 Rxe5 30. d4) (24... Qf7 $17 25. Kh2 Bf8) 25. d4 Bb4 $36 {[%mdl 2048] Black is more active.} 26. c3 g6 27. Nh6 Rc8 (27... Re8 $11 {keeps the balance.} 28. Rxe8+ Qxe8) 28. hxg6 ({Don't play} 28. cxb4 g5 $11) (28. Qg4 $1 $16 {[%cal Rg4d7]} Qxg4+ 29. Nxg4) 28... Bd6 $11 {aiming for ...Bxf4.} 29. Re3 $2 {Mistake. Bd2 was best.} (29. Bd2 Qg7 30. Qh5 Rcg8 $1 31. Kf1 Bh2 32. c4 Qxg6 33. Qxg6 Rxg6 34. Ng4 Rxh3) (29. Bd2 $11 Qg7 {[%mdl 64] Double Attack} 30. Qf5) 29... Qg7 $2 {Mistake. Bxf4 was best.} (29... Bxf4 $1 30. Qxf4 Qg7 31. Nf5 Qxg6+ 32. Rg3 Qf7 33. c4 Rcg8 34. Kh2 Qh5 35. Ne3) (29... Bxf4 $1 $17 30. Qxf4 Qg7 {[%mdl 64] Double Attack}) 30. Ng4 $2 {Mistake. Bxd6 was best.} (30. Qg4 $5 {[%cal Rh6f5]} Rxh6 31. Bxh6 Qxh6 32. h4 $11) (30. Qg4 $11 Rxh6 31. Bxh6 Qxh6 32. h4) 30... Bxf4 $17 31. Qxf4 Qxg6 32. Qxf6 Qb1+ 33. Kg2 Qxb2 34. b4 Rhg8 {[%mdl 1024] Black has strong compensation.} 35. Qe6 Rcf8 36. Rf3 Re8 37. Qd5 Qc2 38. b5 $6 {Inaccuracy. Qf7 was best.} (38. Qf7 Qe2 39. Qf5 Qc4 40. Qc5 Qe6 41. Qf5 Qd6 42. Qc5 Qxc5 43. dxc5 b6) (38. Kh2 $17) 38... a5 $19 39. Kh2 Rd8 40. Qc5 (40. Qe5 $17 {was worth a try.} Rde8 41. Qd5) 40... b6 $6 {Inaccuracy. Qg6 was best.} (40... Qg6 41. Rf6 Qg7 42. b6 cxb6 43. Rxb6 Qc7+ 44. Qxc7+ Kxc7 45. Rb1 Rg6 46. Ra1) 41. Qc4 (41. Qc6 $17 {is a better defense.}) 41... Qc1 42. Rf7 Rc8 43. d5 {Threatening d6!} Qd1 44. Rd7 $4 {Blunder. Qc6 was best.} (44. Qc6 Rxg4 45. hxg4 Qxg4 46. Qf6 (46. Qh6 $142) 46... Qh5+ 47. Kg3 Qxd5 48. Rf8 a4 49. f4 Qxb5) (44. Qc6 $142) 44... Rg6 $4 {Blunder. Qf3 was best.} (44... Qf3 45. d6 Rh8 46. dxc7+ Ka7 47. Qf1 Qxg4 48. Qd3 Qf4+ 49. Qg3 Rhf8 50. Qxf4) (44... Qf3 $19 {...Rh8 is the strong threat.} 45. d6 Rh8 46. dxc7+ Ka7) 45. Qe4 $17 Rd6 46. Rxd6 cxd6 {[%mdl 4096] Endgame KQR-KQN} 47. Qe6 $4 {Blunder. Qe3 was best.} (47. Qe3 Kb7) (47. Qe3 $17 Kb7 48. Nf6) 47... Rxc3 $4 {[#] Blunder. Qf3 was best.} (47... Qf3 48. Qxd6+ Kb7 $1 49. Qe7+ Rc7 50. Qe5 Rxc3 51. Qh8 Rc7 52. Qh5 Rd7 53. Qg6) ({Black should play} 47... Qf3 $19 48. Qxd6+ Kb7 49. Qe7+ Rc7) 48. Qxd6+ $4 {[#] Blunder. Ne5 was best.} (48. Ne5 $1 {[%cal Re5c6]} dxe5 (48... Qd4 $5 49. Nc6+ $8 Rxc6 50. bxc6 Qxf2+ 51. Kh1 Qf1+ 52. Kh2 Qf2+ 53. Kh1 Qf3+ 54. Kg1 Qg3+ 55. Kh1 b5 $11) 49. Qxb6+ Kc8 50. Qa6+ Kd7 51. Qe6+ Kc7 52. Qxe5+ Kb6 53. Qxc3 Qxd5) (48. Ne5 $1 $11 {[%mdl 512] and White is okay.} dxe5 49. Qxb6+ {[%mdl 64] Double Attack} Kc8 50. Qe6+ Kd8 51. Qf6+ Kd7 52. Qe6+ Kd8 53. Qf6+ Kd7 54. Qe6+ Kd8) 48... Kb7 $1 $19 49. Ne5 $6 {Inaccuracy. Qe7+ was best.} (49. Qe7+ Rc7 50. Qe4 Qc2 51. Qg2 Rg7 52. d6+ {[#]} (52. Qf3 {might work better.} Qc5 53. d6+ Ka7 54. Qf4) 52... Ka7 $1 53. Qc6 Qd2 54. Kg2 Qd4) (49. Qe7+ {was necessary.} Rc7 50. Qe4) 49... Qd4 50. Kg2 $6 {Inaccuracy. Ng4 was best.} (50. Ng4 a4 51. Qd7+ Rc7 52. Qf5 Qb4 53. Qe6 Qf4+ 54. Kg2 Qc4 55. Nh6 Rg7+) 50... Qe4+ 51. Kh2 Qf4+ 52. Kg2 a4 53. Qe6 Qe4+ 54. Kh2 Rc7 55. Qd6 Qf4+ 56. Kg2 {[#]} a3 $1 {[%mdl 576] Deflection} 57. Qxa3 {Hoping for Qa6+.} Qxe5 58. Qa6+ Kb8 59. Qxb6+ Kc8 {Strongly threatening ...Rg7+.} 60. Qa6+ Kd8 61. Qa8+ Rc8 62. Qa5+ Kd7 {( -> ...Qe4+)} 63. b6 $4 {Checkmate is now unavoidable. Qa7+ was best.} (63. Qa7+ Rc7 64. Qe3 Qxd5+ 65. Kg1 Rc5 66. h4 Rxb5 67. Qa7+ Rb7 68. Qa1 Ke6) (63. Qa7+ $19 Rc7 64. Qa3) 63... Qe4+ 64. Kh2 Qf4+ {[%mdl 64] Double Attack} 65. Kg2 Rg8+ 66. Kf1 Qc4+ 67. Ke1 Re8+ 68. Kd1 Qd3+ (68... Qe2+ $142 69. Kc1 Rc8+ 70. Kb1 Qd3+ {[%mdl 64] Double Attack} 71. Ka1 Rc1+ 72. Kb2 Rc2+ {[%mdl 64] Double Attack} 73. Kb1 Qd1#) 69. Kc1 {intending Qa7+.} Rc8+ {Accuracy: White = 49%, Black = 69%.} 0-1